000 00746nam a2200241Ia 4500
001 17229
003 GE_BSU
008 181216s||||||||xx |||||||||||||| ||und||
020 _aISBN 9780521685429 (Ed. with answers)
040 _cGE_BSU
080 _a811.111+34
100 _aBrown, Gillian D.Sally Rice.
245 _aProfessional English in Use Law
260 _aCambridge ; New York
260 _bCambridge University Press,
260 _c2007
300 _a128 p, ill, (mostly col.) ; 27 cm.
541 _h90gel.
653 _aLaw--England. Law--England--Terminology. English language--Textbooks for foreign speakers.
653 _aProfessional English in Use Law
653 _aინგლისური ენა
942 _cBK
999 _c50290
_d50290